Pablo Sycet (Record no. 14187)

MARC details
000 - LÍDER
campo de control de longitud fija 00999nam a2200205Ia 4500
008 - ELEMENTOS DE DATOS DE LONGITUD FIJA - INFORMACIÓN GENERAL
campo de control de longitud fija 0000002007 sp ad 0000000000spa00
090 ## - NÚMERO DE LLAMADA DE TIPO LC LOCALMENTE ASIGNADO (OCLC)
Número de clasificación (OCLC) (R) PSP00 S91p
245 10 - TÍTULO DECLARACIÓN
Título Pablo Sycet
Resto del título : los papeles de Olont (19822007)
Declaración de responsabilidad / textos Juan Angona ...[et al.] ; fotografías Pablo Sycet, Luis Jurado, Alberto García Alix
260 ## - PUBLICACIÓN, DISTRIBUCIÓN
Lugar de publicación Gibraleon, Huelva : Convento Nuestra Señora del Vado
Fecha de publicación 2007
300 ## - DESCRIPCIÓN FÍSICA
Alcance 96 p.
Dimensiones / 22 cm. + 1 CD
500 ## - NOTA GENERAL
Nota general Incluye CD, consultarlo bajo clasificación PSP05 S91p \ Donación de Carlos Jiménez
600 00 - ENTRADA DE SUJETO AÑADIDO - NOMBRE PERSONAL
Nombre de la persona SYCET, PABLO, 1953/
Subdivisión general TRABAJOS PICTORICOS
650 14 - ENTRADA DE SUJETO AÑADIDO - TÉRMINO TÓPICO
Término tópico o elemento de entrada del nombre geográfico PINTURA ESPAÑOLA
650 14 - ENTRADA DE SUJETO AÑADIDO - TÉRMINO TÓPICO
Término tópico o elemento de entrada del nombre geográfico ARTE CONTEMPORANEO ESPAÑOL
650 14 - ENTRADA DE SUJETO AÑADIDO - TÉRMINO TÓPICO
Término tópico o elemento de entrada del nombre geográfico ARTISTAS PLASTICOS ESPAÑOLES
650 14 - ENTRADA DE SUJETO AÑADIDO - TÉRMINO TÓPICO
Subdivisión general CATALOGOS
650 14 - ENTRADA DE SUJETO AÑADIDO - TÉRMINO TÓPICO
Subdivisión general EXPOSICIONES
650 14 - ENTRADA DE SUJETO AÑADIDO - TÉRMINO TÓPICO
Término tópico o elemento de entrada del nombre geográfico PINTURA DE PAISAJES ESPAÑOLA
700 1# - ENTRADA AGREGADA - NOMBRE PERSONAL
Nombre de la persona Angona, Juan \ Cobos Wilkins, Juan \ Rivas, Francisco \ Rueda, José María \ Danvila, José Ramón \ Loarce, José Luis \ Muñoz Molina, Antonio \ Berrio, Javier
Holdings
Estado de retirada Pérdida de estatus Estado dañado No para préstamo Código de recogida Ubicación permanente Ubicación actual Ubicación de las estanterías Fecha de adquisición Número de llamada completo Código de barras Fecha de la última vez que se vio Número de copia Precio efectivo desde Tipo de artículo Koha
        General ArtNexus ArtNexus General 06/09/2022 P-SP-00 S91P 14370 06/09/2022 Ej.1 06/09/2022 Libro

Powered by Koha